La forma contractual en el Derecho de sucesiones (Record no. 42219)

MARC details
000 -LEADER
campo de control de longitud fija 00669nam a2200181 i 4500
001 - NÚMERO DE CONTROL
campo de control 42219
003 - IDENTIFICADOR DE NÚMERO DE CONTROL
campo de control ES-MaACL
005 - FECHA Y HORA DE LA ÚLTIMA TRANSACCIÓN
campo de control 20230906160553.0
007 - CAMPO FIJO DE DESCRIPCIÓN FÍSICA--INFORMACIÓN GENERAL
campo de control de longitud fija t|
008 - DATOS DE LONGITUD FIJA--INFORMACIÓN GENERAL
campo de control de longitud fija 030313s1902 sp ||||1| spa d
100 1# - ENTRADA PRINCIPAL--NOMBRE DE PERSONA
Nombre de persona Castillejo, José (
Fechas asociadas al nombre 1877-1945)
9 (RLIN) 159931
245 13 - MENCIÓN DEL TÍTULO
Título La forma contractual en el Derecho de sucesiones
Resto del título : memoria premiada ... en el consurso abierto para honrar la memoria de Don Augusto Comas /
Mención de responsabilidad, etc. José Castillejo y Duarte.
260 ## - PUBLICACIÓN, DISTRIBUCIÓN, ETC.
Lugar de publicación, distribución, etc. Madrid :
Nombre del editor, distribuidor, etc. [s.n.,
Fecha de publicación, distribución, etc. 1902] (
Fabricante Hijos de M. G. Hernández)
300 ## - DESCRIPCIÓN FÍSICA
Extensión 178 p. ;
Dimensiones 18 cm.
650 #4 - PUNTO DE ACCESO ADICIONAL DE MATERIA--TÉRMINO DE MATERIA
Término de materia o nombre geográfico como elemento de entrada Sucesión contractual.
9 (RLIN) 149541
700 1# - ENTRADA AGREGADA--NOMBRE PERSONAL
Nombre de persona Comas y Arqués, Augusto.
9 (RLIN) 39953
852 ## - LOCALIZACIÓN
Ubicación ES-MaACL
Número de control de estantería D-2122
Holdings
Estatus retirado Estado de pérdida Estado de daño No para préstamo Biblioteca de origen Biblioteca actual Ubicación en estantería Fecha de adquisición Fuente de adquisición Total de préstamos Signatura topográfica completa Código de barras Visto por última vez Precio de reemplazo Tipo de ítem Koha
        Biblioteca del Ateneo de Madrid Biblioteca del Ateneo de Madrid Sala Valle Inclán 17/01/2008     D-2122 901044434 23/02/2023 23/02/2023 Libro impreso